000 00495nam a2200181Ia 4500
999 _c27356
_d27356
003 OSt
005 20201203125358.0
008 190216s9999||||xx |||||||||||||| ||und||
020 _a9788171306770
040 _coclc
082 _a894.8123
_bANA/V
100 _aAnand
_96428
245 0 _aVyaasanum Vighneswaranum /
_cAnand
260 _bDc Books,
_c1996.
_aKottayam:
300 _a99p
650 _aMalayalam Novel
942 _cBK
_2ddc
_h894.8123
_iANA/V
_k894.8123
_mANA/V